000 00982nam0a22002411 4500
001 rc\2831356
005 20250529201458.0
035 _a(NLR Aleph) 006989308
090 _a5610754
_c5610754
100 _a20110625d1931 |||y0rusy50 ca
101 0 _arus
102 _aRU
105 _ay z |||||
200 1 _aПод прикрытием "классовости"
_eАнархо-синдикалистский уклон в украинском комсомоле. (1920-1921)
_fС. Игнат
210 _a[Москва]
_cОгиз
_cМолодая гвардия
_d1931
_gтипо-литогр. им. Воровского
215 _a125, [3] с.
_d19х13 см
225 1 _aИстория юношеского движения
_fСекция юношеского движения Ин-та Ленина при ЦК ВКП(б)
_v1931
700 1 _aИгнат
_bС.
801 0 _aRU
_bNLR
_gpsbo
801 1 _aRU
_bELAR
_2rusmarc
852 _aNLR
_j31-1/1204
942 _cBOOK
980 _aNB